La perdida de investidura : (Registro nro. 49614)

Detalles MARC
000 -LEADER
fixed length control field 01097nam a2200277 4500
001 - CONTROL NUMBER
control field 0000020208
003 - CONTROL NUMBER IDENTIFIER
control field CO-CtgCURN
005 - DATE AND TIME OF LATEST TRANSACTION
control field 20250825223112.0
008 - FIXED-LENGTH DATA ELEMENTS--GENERAL INFORMATION
fixed length control field 160627s2002 000 0 eng d
020 ## - INTERNATIONAL STANDARD BOOK NUMBER
International Standard Book Number 9586904032
040 ## - CATALOGING SOURCE
Original cataloging agency CO-CtgCURN
Language of cataloging spa
Transcribing agency coctgcurn
082 0# - DEWEY DECIMAL CLASSIFICATION NUMBER
Classification number 342.055
Item number P69p
100 1# - MAIN ENTRY--PERSONAL NAME
Personal name Poveda Perdomo, Alberto.
245 13 - TITLE STATEMENT
Title La perdida de investidura :
Remainder of title de congresistas, diputados, concejales y ediles /
Statement of responsibility, etc. Alberto Poveda Perdomo y Guillermo Poveda Perdomo.
260 ## - PUBLICATION, DISTRIBUTION, ETC.
Place of publication, distribution, etc. Bogotá :
Name of publisher, distributor, etc. Editorial Leyer,
Date of publication, distribution, etc. 2002.
300 ## - PHYSICAL DESCRIPTION
Extent 154 p.
336 ## - CONTENT TYPE
Source rdacontent
337 ## - MEDIA TYPE
Source rdamedia
Media type term sin mediacion
Media type code n
338 ## - CARRIER TYPE
Source rdacarrier
Carrier type term volumen
Carrier type code nc
505 8# - FORMATTED CONTENTS NOTE
Formatted contents note Consideraciones preliminares.--Antecedentes.--Textos basicos sobre perdida de investidura.--Causales de la perdida de investidura de los congresistas.--Violacion del regimen de inhabilidades
650 #0 - SUBJECT ADDED ENTRY--TOPICAL TERM
Topical term or geographic name entry element Perdida de investidura.
700 1# - ADDED ENTRY--PERSONAL NAME
Personal name Poveda Perdomo, Guillermo.
908 ## - PUT COMMAND PARAMETER (RLIN)
Put command parameter 160627
942 ## - ADDED ENTRY ELEMENTS (KOHA)
Koha item type Libros
Classification part 342.055
Item part P69p
Source of classification or shelving scheme Dewey Decimal Classification
Koha issues (borrowed), all copies 1
999 ## - SYSTEM CONTROL NUMBERS (KOHA)
-- 1
Existencias
Withdrawn status Lost status Source of classification or shelving scheme Damaged status Not for loan Home library Current library Shelving location Date acquired Total checkouts Full call number Barcode Date last seen Date last checked out Price effective from Koha item type
    Dewey Decimal Classification     Miguel Henríquez Castañeda Miguel Henríquez Castañeda General 03/04/2019 1 342.055 P69p 003807 04/05/2024 04/02/2024 03/04/2019 Libros